|
|
|
|
| LEADER |
02297njm a2200553 i 4500 |
| 001 |
001777698 |
| 003 |
CZ BrMZK |
| 005 |
20201210100235.0 |
| 007 |
sd bumennmplnd |
| 008 |
201124t20192019xr ppnng n cze |
| 015 |
|
|
|a cnb003239212
|
| 024 |
1 |
|
|a 602508344589
|
| 028 |
0 |
1 |
|a 083 445-8
|b Universal Music
|
| 028 |
0 |
3 |
|a 083 445-6
|b Universal Music
|
| 028 |
0 |
3 |
|a 083 445-7
|b Universal Music
|
| 028 |
1 |
3 |
|a 198002E1/A
|b Universal Music
|
| 028 |
1 |
3 |
|a 198002E2/A
|b Universal Music
|
| 028 |
1 |
3 |
|a 198002E3/A
|b Universal Music
|
| 028 |
1 |
3 |
|a 198002E4/A
|b Universal Music
|
| 040 |
|
|
|a BOA001
|b cze
|e rda
|
| 041 |
0 |
|
|d cze
|d slo
|
| 045 |
|
|
|a y0y1
|
| 072 |
|
7 |
|a 78.011.26
|x Populární hudba. Populární písně. Populární taneční hudba
|2 Konspekt
|9 9
|
| 080 |
|
|
|a 78.03.011.26
|2 MRF
|
| 080 |
|
|
|a (086.72)
|2 MRF
|
| 245 |
0 |
0 |
|a Anděl v blbým věku :
|b best of 2008-2019 /
|c Xindl X
|
| 264 |
|
1 |
|a [Praha] :
|b Universal Music Group,
|c [2019]
|
| 264 |
|
4 |
|c ©2019
|
| 300 |
|
|
|a 2 gramofonové desky ;
|c 30 cm
|
| 336 |
|
|
|a hraná hudba
|b prm
|2 rdacontent
|
| 337 |
|
|
|a audio
|b s
|2 rdamedia
|
| 338 |
|
|
|a audiodisk
|b sd
|2 rdacarrier
|
| 340 |
|
|
|a vinyl
|2 rda
|
| 344 |
|
|
|a analog
|c 33 1/3 ot/min
|2 rda
|
| 500 |
|
|
|a Název z etikety
|
| 500 |
|
|
|a Hudba a texty většinou Ondřej Ládek
|
| 500 |
|
|
|a Fonogramy 2008-2019 Universal Music
|
| 505 |
0 |
0 |
|t Anděl --
|t Dysgrafik --
|t Láska v housce --
|t Chemie --
|t Nejlepší kuchař --
|t Zlato --
|t Štědrý večer nastal --
|t Dočasná svatá --
|t Casio --
|t Barbína --
|t V blbým věku --
|t Čecháček a totáček --
|t Cudzinka v tvojej zemi --
|t Na vodě --
|t Popelka --
|t Mýval --
|t Věčně nevěrná --
|t Byznys --
|t Dřevo --
|t ZZZ
|g (Pro Světlušku) --
|t Alenka --
|t Volnoběh --
|t Imunita --
|t Růžový brejle
|
| 511 |
0 |
|
|a Účinkuje Xindl X a další
|
| 530 |
|
|
|a Vydáno též na CD audio
|
| 648 |
|
7 |
|a 2001-2020
|7 ch460601
|2 czenas
|
| 650 |
0 |
7 |
|a populární hudba
|7 ph124352
|y 2001-2020
|2 czenas
|
| 655 |
|
7 |
|a gramofonové desky
|7 fd186718
|2 czenas
|
| 700 |
1 |
|
|a Ládek, Ondřej,
|d 1979-
|7 jo2010568391
|4 cmp
|4 lyr
|
| 700 |
0 |
|
|a Xindl X,
|d 1979-
|7 pna2008482424
|4 itr
|4 sng
|
| 910 |
|
|
|a BOA001
|b LP-1457.217
|
| 990 |
|
|
|a AV
|
| 991 |
|
|
|b 202012
|
| 996 |
6 |
|
|b 2610846974
|c LP-1457.217
|l MZK
|r Sklad / do 24 hodin
|n 0
|p p.v.
|w 001835767
|u 000010
|a 1
|e BOA001
|j MZK50
|s P
|